San-Marino-Quiz - Sudden Death - Statistiken

Allgemein
  • Dieses Quiz wurde 102 mal gespielt
  • Das Durchschnittsergebnis liegt bei 4 aus 10
Answers on the Grid
Answers color-coded by a green-red scale on the quiz's grid according to % correct below.
Dies ist die Flagge San Marinos: 🇸🇲
San Marino liegt innerhalb von Italien
San Marino ist kein Mitglied der Europäischen Union
Die Amtssprache San Marinos ist San Marinesisch
San Marino hat bereits den ESC gewonnen
San Marino grenzt an ein Land mit dieser Flagge: 🇻🇦
In San Marino zahlt man mit dem Euro
Das KFZ-Kennzeichen San Marinos ist "RSM"
San Marino ist die älteste Republik der Welt
Der Anteil an Männer in San Marino ist höher als der Anteil an Frauen
Die Hauptstadt von San Marino hat einen anderen Namen als das Land selbst
San Marino zählt nicht zu den Zwergstaaten Europas
Das BIP pro Kopf in San Marino ist höher als das der Vereinigten Arabischen Emirate
Das Nationaltier San Marinos ist das Pferd
Flächenmäßig ist San Marino größer als Nauru
San Marino hat mehr Einwohner als Liechtenstein
San Marino ist ein Fürstentum
Auf den Gipfeln des Bergs Monte Titano befinden sich vier Türme
In San Marino gibt es keinen Flughafen
San Marino ist in 10 eigenständige Gemeinden unterteilt
 
Antwortstatistiken
Antwort % Korrekt
In San Marino gibt es keinen Flughafen
64%
Dies ist die Flagge San Marinos: 🇸🇲
60%
San Marino liegt innerhalb von Italien
55%
In San Marino zahlt man mit dem Euro
50%
Das KFZ-Kennzeichen San Marinos ist "RSM"
33%
San Marino ist die älteste Republik der Welt
33%
San Marino ist kein Mitglied der Europäischen Union
33%
Flächenmäßig ist San Marino größer als Nauru
26%
Das Nationaltier San Marinos ist das Pferd
7%
Das BIP pro Kopf in San Marino ist höher als das der Vereinigten Arabischen Emirate
5%
Keine übereinstimmenden Quizze gefunden
Verteilung der Resultate
Anzahl Personen mit jedem Resultat
Perzentil nach korrekt beantworteten Fragen
Ihre Resultats-Entwicklung
Sie haben dieses Quiz noch nicht gespielt